• 首页
  • 本馆介绍
  • 公告通知
  • 最新文献
  • 馆藏检索
  • 电子资源
  • 读者导购
  • 参考咨询
  • 我的图书馆
  • 登录
  • 详细信息显示
  • 放入我的书架
  • 预约/预借图书
  • 作者相关作品
  • 分类相关作品
  • 丛书相关作品
  • 出版社相关作品

书目信息

  • 表格格式
  • 工作单格式
  • 卡片格式
题名:
锌冶金
    
 
作者: ;东北工学院有色重金属冶炼教研室 编著
分册:  
出版信息: 北京   冶金工业出版社  1978
页数: 502页
开本: 20cm
丛书名:
单 册:
中图分类: TF813.4
科图分类:
主题词: 炼锌
电子资源:
ISBN:
000 00645nam0 2200217 45
001 0178001531
005 20061126152247.23
010    @dCNY1.50
091    @aCN@bK15062.3363
100    @a19950801d1978 em y0chiy0121 ea
101 0  @achi
102    @aCN@b110000
105    @ay z 000yy
200 10 @a锌冶金@Axin ye jin@f东北工学院有色重金属冶炼教研室等编著
210    @a北京@c冶金工业出版社@d1978
215    @a502页@d20cm
606    @a炼锌
690    @aTF813.4@v3
711 02 @a东北工学院有色重金属冶炼教研室@Adong bei gong xue yuan you se zhong jin shu ye lian jiao yan shi@4编著
801  0 @aCN@bTSSF@c20061126
905    @a10447@dTF813.4@e1
    
    锌冶金/东北工学院有色重金属冶炼教研室等编著.-北京:冶金工业出版社,1978
    502页;20cm
    
    
    ISBN :CNY1.50
    
●
相关链接 在E读中查询图书 在五车中查询图书 在当当中查询图书 在豆瓣中查询图书


正题名:锌冶金     索取号:TF813.4/1         预约/预借

序号 登录号 条形码 馆藏地/架位号 状态 备注
1 0004725   001362091   第二样本阅览室/ [索取号:TF813.4/1] 在馆    
唐山师范学院图书馆 欢迎您!
大连网信软件有限公司© 版权所有